000 00422nam a2200145 i 4500
001 bg
245 0 _aElementy logiki, semiotyki i metodologii projektowania :
_bpraca zbiorowa /
_cpod red. W. Gasparskiego.
260 _aWarszawa,
_c1979.
700 1 _aGasparski, Wojciech
_d(1936- ).
_eRed.
040 _cBPK
041 _apol
080 _a62:16:65.011(061.3)
942 _cKS
008 s pl f |000 0 pol
999 _c20642
_d20642
856 _uhttp://koha.tu.koszalin.pl/cgi-bin/koha/opac-detail.pl?biblionumber=20642
_yKatalog online BPK